[Event "Druzynowe Mistrzostwa Polski Juniorow - I Liga 2023"]
[Site "Lublin"]
[Date "1899-12-30"]
[Round "4.46"]
[White "Kowalski, Aleksander"]
[Black "Bombinski, Michal"]
[Result "0-1"]
[WhiteTitle "II"]
[BlackTitle "II"]
[WhiteElo "1157"]
[BlackElo "1248"]

1. e4 c5 2. Nf3 d6 3. d4 cxd4 4. Qxd4 Nc6 5. Bb5 Bd7 6. Bxc6 Bxc6 7. Nc3 Nf6 8.
Bg5 g6 9. Bxf6 exf6 10. O-O-O Be7 11. g4 O-O 12. h4 f5 13. gxf5 Bf6 14. Qe3 Bxc3
15. bxc3 Qf6 16. h5 gxf5 17. Rhg1+ Kh8 18. exf5 Rg8 19. Qd4 Qxd4 20. Nxd4 Rxg1
21. Rxg1 Rg8 22. Rg3 Rxg3 23. fxg3 Kg7 24. Kd2 Kh6 25. Ke3 Kg5 26. Nxc6 bxc6 27.
Ke4 Kg4 28. f6 Kxg3 29. Kf5 Kh4 30. c4 Kxh5 31. c5 dxc5 32. c4 a5 33. a4 h6 34.
Ke5 Kg6 35. Kd6 h5 36. Kxc6 h4 37. Kxc5 h3 38. Kb6 h2 39. c5 h1=Q 40. c6 Qb1+
41. Ka7 Qc2 42. Kb7 Qxa4 43. c7 Qc4 44. Ka8 a4 0-1

[Event "Druzynowe Mistrzostwa Polski Juniorow - I Liga 2023"]
[Site "Lublin"]
[Date "1899-12-30"]
[Round "4.47"]
[White "Kicinska, Magdalena"]
[Black "Ziobrowska, Maja"]
[Result "0-1"]
[WhiteTitle "I++"]
[BlackTitle "I++"]
[WhiteElo "1562"]
[BlackElo "1759"]

1. d4 d5 2. Nf3 Nf6 3. c4 e6 4. g3 c5 5. cxd5 exd5 6. Bg2 Nc6 7. O-O h6 8. Nc3
Be6 9. e3 Be7 10. a3 O-O 11. dxc5 Bxc5 12. b4 Be7 13. Nd4 Bg4 14. Qd2 Ne5 15.
h3 Bh5 16. g4 Nc4 17. Qe2 Bg6 18. Nxd5 Ne5 19. Nxe7+ Qxe7 20. Nf5 Bxf5 21. gxf5
Rad8 22. Bb2 Nd3 23. Bxf6 Qxf6 24. Bxb7 Qxf5 25. Bg2 Rd6 26. Qf3 Qe5 27. Qe4 Qb2
28. Qf3 Rf6 29. Qg3 Rc8 30. Rad1 Rg6 31. Qf3 Qxa3 32. Ra1 Qxb4 33. Rxa7 Ne1 34.
Qxf7+ Kh7 35. Rxe1 Qxe1+ 36. Kh2 Rc1 0-1

[Event "Druzynowe Mistrzostwa Polski Juniorow - I Liga 2023"]
[Site "Lublin"]
[Date "1899-12-30"]
[Round "4.48"]
[White "Mataczyna, Aleksandra"]
[Black "Kicinska, Anna"]
[Result "0-1"]
[WhiteTitle "I"]
[BlackTitle "I++"]
[WhiteElo "1166"]
[BlackElo "1424"]

1. e4 d5 2. exd5 Qxd5 3. Nc3 Qa5 4. d4 Nf6 5. Bd2 c6 6. Nf3 Bf5 7. Bc4 Nbd7 8.
O-O e6 9. Re1 Qc7 10. Qe2 Nb6 11. Bb3 Be7 12. Rad1 O-O 13. Ne5 Nfd5 14. Nxd5 cxd5
15. Bf4 Bd6 16. Bg3 Rac8 17. c3 a6 18. Bc2 Bxc2 19. Qxc2 Nd7 20. Re3 Nf6 21. Nd3
Ng4 22. Bxd6 Nxe3 23. Bxc7 Nxc2 24. Bf4 Rc4 25. Rc1 Nxd4 26. cxd4 Rxd4 27. Rc3
b5 28. Be3 Rc4 29. Rxc4 bxc4 30. Ne5 Rb8 31. Bd4 Rb7 32. Bc3 f6 33. Nc6 e5 34.
Na5 Rb5 35. b3 d4 36. Be1 c3 37. Nc4 a5 38. Na3 Rc5 39. Nc4 a4 40. Kf1 axb3 41.
axb3 Rb5 42. Ke2 Rxb3 43. Kd3 Rb1 44. Bxc3 dxc3 45. Kxc3 Rf1 46. f3 Rf2 47. Ne3
Kf7 48. Kd3 Ke6 49. Ke4 Rd2 0-1

[Event "Druzynowe Mistrzostwa Polski Juniorow - I Liga 2023"]
[Site "Lublin"]
[Date "1899-12-30"]
[Round "4.49"]
[White "Malik, Maciej"]
[Black "Kozlowski, Franciszek"]
[Result "1/2-1/2"]
[WhiteTitle "k"]
[BlackTitle "I+"]
[WhiteElo "2045"]
[BlackElo "1900"]

1. e4 c6 2. Nf3 d5 3. Nc3 Bg4 4. d4 Nf6 5. h3 Bxf3 6. Qxf3 dxe4 7. Qe3 e6 8. Nxe4
Nbd7 9. c3 Nxe4 10. Qxe4 Nf6 11. Qh4 Qd5 12. Qg5 O-O-O 13. Be2 h6 14. Qxd5 exd5
15. O-O Bd6 16. Bd3 Rhe8 17. Be3 Re7 18. Rac1 Nh5 19. g4 Nf4 20. Bxf4 Bxf4 21.
Rce1 Rde8 22. Rxe7 Rxe7 23. Kg2 f6 24. Kf3 Bd6 25. h4 Kc7 26. Rg1 a5 27. a4 Bh2
28. Rb1 Bd6 29. Kg2 Re8 30. Kf3 Re7 31. Kg2 Re8 1/2-1/2

[Event "Druzynowe Mistrzostwa Polski Juniorow - I Liga 2023"]
[Site "Lublin"]
[Date "1899-12-30"]
[Round "4.50"]
[White "Duda, Szymon"]
[Black "Karut, Kacper"]
[Result "1/2-1/2"]
[WhiteTitle "I+"]
[BlackTitle "I"]
[WhiteElo "1928"]
[BlackElo "1954"]

1. e4 c5 2. Nf3 Nc6 3. d4 cxd4 4. Nxd4 Nf6 5. Nc3 d6 6. g3 g6 7. Bg2 Nxd4 8. Qxd4
Bg7 9. O-O O-O 10. Qd1 Qb6 11. Nd5 Nxd5 12. exd5 e5 13. dxe6 Bxe6 14. c3 Rad8
15. Qe2 d5 16. Be3 d4 17. cxd4 Bxd4 18. Bxd4 Rxd4 19. b3 Rfd8 20. Rad1 Qa5 21.
Bxb7 Rd2 22. Rxd2 Rxd2 23. Qe3 Rxa2 24. Rd1 Ra3 25. b4 Rxe3 26. bxa5 Ra3 27. a6
Bc4 28. Rd6 Kf8 29. f4 Ra2 30. Rd8+ Ke7 31. Ra8 Bxa6 32. Rxa7 Bc4 1/2-1/2

[Event "Druzynowe Mistrzostwa Polski Juniorow - I Liga 2023"]
[Site "Lublin"]
[Date "1899-12-30"]
[Round "4.51"]
[White "Pycinski, Wladyslaw"]
[Black "Lapczynski, Jacek"]
[Result "1-0"]
[WhiteTitle "I"]
[BlackTitle "II"]
[WhiteElo "1927"]
[BlackElo "1222"]

1. Nf3 d5 2. d4 Bf5 3. c4 e6 4. Qb3 Nc6 5. a3 Rb8 6. Nc3 Nf6 7. cxd5 Nxd5 8. e4
Nxc3 9. exf5 Nd5 10. fxe6 fxe6 11. Bd3 Be7 12. Qc2 Nf6 13. Be3 O-O 14. O-O-O a6
15. Ng5 Qd7 16. Bxh7+ Kh8 17. Bg6 Kg8 18. d5 exd5 19. Bf5 Qd6 20. Be6+ Kh8 21.
Qf5 1-0

[Event "Druzynowe Mistrzostwa Polski Juniorow - I Liga 2023"]
[Site "Lublin"]
[Date "1899-12-30"]
[Round "4.52"]
[White "Chmiel, Krzysztof"]
[Black "Tim, Wojciech"]
[Result "1/2-1/2"]
[WhiteTitle "II"]
[BlackTitle "II"]
[WhiteElo "1298"]
[BlackElo "1316"]

1. e4 e6 2. d4 d5 3. exd5 exd5 4. Nf3 Nc6 5. h3 Bd6 6. Bd3 Nge7 7. O-O Be6 8. b3
Qd7 9. Bb5 f6 10. Qe2 O-O-O 11. Re1 Bf5 12. c4 Rde8 13. Be3 Bb4 14. Nfd2 Ng6 15.
Qf1 Re7 16. a3 Bxd2 17. Nxd2 Rhe8 18. cxd5 Qxd5 19. Bxc6 Qxc6 20. Rec1 Qd6 21.
Nc4 Qd5 22. b4 Nh4 23. Nd2 Be4 24. Rc5 Qe6 25. Nxe4 Qxe4 26. Rac1 Kb8 27. a4 Nf5
28. R5c3 Rd8 29. Rd1 g6 30. Qd3 Qd5 31. a5 Nh4 32. Qf1 Nf5 33. Qd3 Nh4 34. Qf1
Nf5 35. Rc5 Qb3 36. Qd3 Qe6 1/2-1/2

[Event "Druzynowe Mistrzostwa Polski Juniorow - I Liga 2023"]
[Site "Lublin"]
[Date "1899-12-30"]
[Round "4.53"]
[White "Tim, Anna"]
[Black "Slusarczyk, Anna"]
[Result "0-1"]
[WhiteTitle "I"]
[BlackTitle "I++"]
[WhiteElo "1254"]
[BlackElo "1735"]

1. d4 Nf6 2. c4 e6 3. Nc3 Bb4 4. Bg5 O-O 5. e3 c5 6. Bd3 h6 7. Bh4 cxd4 8. exd4
d5 9. Nf3 Nc6 10. cxd5 exd5 11. O-O Be7 12. h3 Nh5 13. Bxe7 Nxe7 14. Qd2 Qd6 15.
Rac1 Qf6 16. Ne5 Nf4 17. Qe3 Qg5 18. Qg3 f6 19. h4 Qxg3 20. fxg3 fxe5 21. gxf4
exf4 22. Rce1 Rf7 23. Re5 Bg4 24. Nxd5 Nc6 25. Re4 Bf5 26. Rexf4 Bxd3 27. Rxf7
Bxf1 28. Rxf1 Nxd4 29. Ne7+ Kh7 30. Rd1 Re8 31. Rxd4 Rxe7 32. Kf2 Rc7 33. Kf3
Rc2 34. Rb4 b6 35. a3 h5 36. Rb5 g6 37. g3 Kg7 38. a4 Kf6 39. b3 Rc3+ 40. Kf4
Rd3 41. b4 Rb3 42. g4 Rh3 43. gxh5 Rxh4+ 44. Ke3 Rxh5 45. Rxh5 gxh5 0-1

[Event "Druzynowe Mistrzostwa Polski Juniorow - I Liga 2023"]
[Site "Lublin"]
[Date "1899-12-30"]
[Round "4.54"]
[White "Slusarczyk, Agnieszka"]
[Black "Kochanowska, Patrycja"]
[Result "0-1"]
[WhiteTitle "I"]
[BlackTitle "I+"]
[WhiteElo "1400"]
[BlackElo "1454"]

1. c4 e5 2. Nc3 Nf6 3. g3 c6 4. d4 exd4 5. Qxd4 d5 6. cxd5 cxd5 7. Bg2 Nc6 8. Qd1
Be6 9. Bg5 Bb4 10. a3 Bxc3+ 11. bxc3 h6 12. Bd2 O-O 13. Nf3 Rc8 14. O-O Ne4 15.
Nd4 Nc5 16. f4 Na5 17. f5 Bd7 18. f6 gxf6 19. Bxh6 Re8 20. e3 Nc4 21. Bxd5 Nxe3
22. Bxf7+ Kxf7 23. Qh5+ Ke7 24. Rae1 Be6 25. Rxe3 Qb6 26. Nf5+ Kd8 27. Rd1+ Nd7
28. Nd6 Re7 29. Bf4 Qb3 30. Nxc8 Kxc8 31. Qe2 b5 32. Bd6 Bc4 33. Qd2 Rxe3 34.
Bf4 Rd3 35. Qf2 Qxd1+ 36. Kg2 Bd5+ 37. Kh3 Qh5# 0-1

[Event "Druzynowe Mistrzostwa Polski Juniorow - I Liga 2023"]
[Site "Lublin"]
[Date "1899-12-30"]
[Round "4.55"]
[White "Stypka, Sebastian"]
[Black "Serewa, Antoni"]
[Result "0-1"]
[WhiteTitle "II"]
[BlackTitle "I"]
[WhiteElo "1447"]
[BlackElo "1695"]

1. e4 c5 2. Nf3 Nc6 3. d4 cxd4 4. Nxd4 e5 5. Nb5 d6 6. N1c3 a6 7. Na3 b5 8. Nd5
Nf6 9. Be3 Rb8 10. Nxf6+ gxf6 11. Nb1 f5 12. Bd3 f4 13. Bc1 Rg8 14. g3 Nd4 15.
Be2 Qf6 16. c3 Ne6 17. Bg4 Bb7 18. Bxe6 Qxe6 19. Nd2 d5 20. exd5 Bxd5 21. Rg1
Bc5 22. Nb3 Bb6 23. Qc2 f5 24. Bd2 Bf3 25. Nc1 Rd8 26. Qb3 Bxf2+ 27. Kxf2 Rxd2+
28. Ke1 Rd1+ 29. Qxd1 Bxd1 30. Kxd1 Qd5+ 31. Ke1 Qe4+ 32. Kd1 Ke7 33. Nb3 Rd8+
34. Kc1 f3 35. Nd2 Rxd2 0-1

[Event "Druzynowe Mistrzostwa Polski Juniorow - I Liga 2023"]
[Site "Lublin"]
[Date "1899-12-30"]
[Round "4.56"]
[White "Rzenca, Jerzy"]
[Black "Walaszczyk, Mikolaj"]
[Result "1-0"]
[WhiteTitle "I"]
[BlackTitle "II"]
[WhiteElo "1710"]
[BlackElo "1476"]

1. e4 c5 2. Nc3 Nc6 3. f4 g6 4. Nf3 Bg7 5. Bb5 Nd4 6. O-O Nxb5 7. Nxb5 d6 8. d3
a6 9. Nc3 e6 10. Qe1 Ne7 11. Bd2 O-O 12. Qh4 f5 13. exf5 Nxf5 14. Qxd8 Rxd8 15.
Rfe1 b5 16. Rab1 Nd4 17. Nxd4 cxd4 18. Ne4 e5 19. Ba5 Rd7 20. Bb4 Rf7 21. Nxd6
Rxf4 22. Ne8 Be6 23. Nc7 a5 24. Nxa8 axb4 25. Nc7 Bxa2 26. Ra1 b3 27. Nd5 Rf7
28. Nb4 Ra7 29. cxb3 Bh6 30. Rxa2 1-0

[Event "Druzynowe Mistrzostwa Polski Juniorow - I Liga 2023"]
[Site "Lublin"]
[Date "1899-12-30"]
[Round "4.57"]
[White "Zmarzly, Wiktor"]
[Black "Morozov, Artem"]
[Result "1-0"]
[WhiteTitle "I+"]
[BlackTitle "II+"]
[WhiteElo "1818"]
[BlackElo "1370"]

1. e4 e6 2. d4 d5 3. Nd2 dxe4 4. Nxe4 Nd7 5. Bd3 Ngf6 6. Qe2 b6 7. Nf3 Be7 8. Nxf6+
Nxf6 9. Bg5 Bb7 10. O-O-O Nd5 11. Bd2 a6 12. c4 Nb4 13. Bxb4 Bxb4 14. d5 Qe7 15.
dxe6 Qxe6 16. Qxe6+ fxe6 17. Ng5 O-O-O 18. a3 Bd6 19. Nxe6 Rde8 20. f3 g6 21.
Nd4 Be5 22. Ne2 Bg7 23. Ng3 Rd8 24. Be4 Bxe4 25. Nxe4 Be5 26. h3 c6 27. b3 Kc7
28. Kc2 h6 29. Rxd8 Rxd8 30. Rd1 Re8 31. Kd2 b5 32. Kd3 Rd8+ 33. Kc2 Re8 34. cxb5
cxb5 35. Nc5 Kb6 36. Nd7+ Kc7 37. Nxe5 Rxe5 38. Kd3 Rd5+ 39. Ke2 Rc5 40. Rd3 Rc2+
41. Kf1 Ra2 42. b4 Kc6 43. f4 g5 44. f5 Rc2 45. f6 Kb7 46. Rd7+ Kb6 47. Rd6+ Kb7
48. f7 Rc8 49. Rxh6 Rf8 50. Rf6 Kc7 51. Kf2 Kd7 52. Kf3 Ke7 53. Rf5 Rxf7 54. Rxf7+
Kxf7 55. Kg4 Kg6 56. g3 Kf6 57. h4 gxh4 58. gxh4 Kg6 59. h5+ Kh6 60. Kh4 Kh7 61.
Kg5 Kg7 62. h6+ Kh7 63. Kh5 Kh8 64. Kg6 Kg8 65. h7+ Kh8 66. Kh6 a5 67. bxa5 b4
68. a6 bxa3 69. a7 a2 70. a8=Q# 1-0

[Event "Druzynowe Mistrzostwa Polski Juniorow - I Liga 2023"]
[Site "Lublin"]
[Date "1899-12-30"]
[Round "4.58"]
[White "Koziel, Leon"]
[Black "Staniczek, Kacper"]
[Result "0-1"]
[WhiteTitle "III"]
[BlackTitle "I"]
[WhiteElo "1008"]
[BlackElo "1398"]

1. e4 e5 2. Nf3 Nc6 3. Bc4 Nf6 4. d3 Bc5 5. Nc3 a6 6. O-O Ba7 7. Nd5 h6 8. Be3
d6 9. h3 Nxd5 10. Bxa7 Rxa7 11. Bxd5 Ne7 12. Bb3 Ng6 13. d4 Qf6 14. dxe5 dxe5
15. Ne1 Nf4 16. Qf3 O-O 17. Nd3 Nxh3+ 18. Kh2 Qxf3 19. gxf3 Re8 20. c3 Ng5 21.
Bd1 Ra8 22. Re1 b6 23. b4 Bb7 24. Kg2 Rad8 25. Be2 Nxe4 26. fxe4 Bxe4+ 27. Kf1
Bxd3 28. Bxd3 Rxd3 29. Rac1 f6 30. Kg1 Red8 31. a4 g5 32. Kg2 Kg7 33. c4 R8d4
34. b5 axb5 35. cxb5 Rxa4 36. Rxc7+ Kg6 37. Rc6 Rd5 38. Rb1 Rad4 39. Rxb6 Rd6
40. Rb7 Rd7 41. Rb8 Rd8 42. Rxd8 Rxd8 43. b6 Rb8 44. b7 h5 45. Rb4 Kf5 46. f3
h4 47. Kh3 Ke6 48. Rb6+ Kd5 49. Rxf6 Rxb7 50. Rf5 Rg7 51. Kg4 Ke6 52. Rf8 Rg6
53. Re8+ Kf6 54. Rf8+ Ke6 55. Re8+ Kd6 56. Rh8 Rf6 57. Kxg5 Rxf3 58. Rxh4 Kd5
59. Rh1 e4 60. Rd1+ Ke5 61. Kg4 Rf8 62. Re1 Rg8+ 63. Kh3 Kd4 0-1

[Event "Druzynowe Mistrzostwa Polski Juniorow - I Liga 2023"]
[Site "Lublin"]
[Date "1899-12-30"]
[Round "4.59"]
[White "Lach, Alicja"]
[Black "Giemza, Julia"]
[Result "0-1"]
[WhiteTitle "I"]
[BlackTitle "I+"]
[WhiteElo "1164"]
[BlackElo "1577"]

1. e4 c5 2. Nf3 e6 3. d4 cxd4 4. Nxd4 Nc6 5. Nxc6 bxc6 6. Bd3 e5 7. O-O Bc5 8.
Qe2 Ne7 9. c4 O-O 10. Nd2 d6 11. h3 Ng6 12. Nf3 Qb6 13. b3 Bd7 14. Bb2 Rae8 15.
Qc2 Qd8 16. Rad1 Qf6 17. Qd2 Nf4 18. Kh2 Nxh3 19. gxh3 Qxf3 20. Qg5 Qxh3+ 21.
Kg1 Re6 0-1

[Event "Druzynowe Mistrzostwa Polski Juniorow - I Liga 2023"]
[Site "Lublin"]
[Date "1899-12-30"]
[Round "4.60"]
[White "Opala, Natalia"]
[Black "Moczala, Maja"]
[Result "0-1"]
[WhiteTitle "I"]
[BlackTitle "I++"]
[WhiteElo "1202"]
[BlackElo "1651"]

1. e4 c5 2. Nf3 Nc6 3. d4 cxd4 4. Nxd4 Nf6 5. Nc3 d6 6. Bg5 e6 7. Qd2 Bd7 8. O-O-O
a6 9. f3 b5 10. Nxc6 Bxc6 11. Ne2 Be7 12. Nd4 Qb6 13. Be3 Qc7 14. Nxc6 Qxc6 15.
Kb1 O-O 16. h4 a5 17. g4 Nd7 18. Bd3 Ne5 19. Qe2 Nc4 20. Bxc4 bxc4 21. Bg5 f6
22. Bd2 Rfb8 23. g5 c3 24. Bc1 Rxb2+ 25. Ka1 Rxa2+ 26. Kxa2 Qa4+ 27. Ba3 d5 28.
Qb5 Qxb5 29. Rb1 Qa4 30. Rb3 Bxa3 0-1

[Event "Druzynowe Mistrzostwa Polski Juniorow - I Liga 2023"]
[Site "Lublin"]
[Date "1899-12-30"]
[Round "5.1"]
[White "Jedraszek, Pawel"]
[Black "Klim, Filip"]
[Result "1/2-1/2"]
[WhiteTitle "I++"]
[BlackTitle "k"]
[WhiteElo "2057"]
[BlackElo "1988"]

1. Nf3 Nf6 2. g3 d5 3. Bg2 e6 4. O-O Be7 5. d3 O-O 6. Nbd2 c5 7. e4 d4 8. a4 Nc6
9. Nc4 b6 10. Nfe5 Nxe5 11. Nxe5 Bb7 12. f4 Qc7 13. Nc4 a6 14. f5 b5 15. axb5
axb5 16. Rxa8 Bxa8 17. Na3 Qb6 18. e5 Nd5 19. Bxd5 exd5 20. f6 gxf6 21. Bh6 fxe5
22. Bxf8 Bxf8 23. Qh5 Qg6 24. Qxe5 Bc6 25. Rf6 Qg7 26. Qf4 Bd7 27. Rb6 b4 28.
Nb5 Qg4 29. Nc7 Qd1+ 30. Qf1 Qh5 31. h4 Qe5 32. Qf4 Qe1+ 33. Kg2 Qe2+ 34. Qf2
Qe5 35. Qf4 Qe2+ 36. Qf2 Qe5 37. Qf4 Qe2+ 38. Qf2 1/2-1/2

[Event "Druzynowe Mistrzostwa Polski Juniorow - I Liga 2023"]
[Site "Lublin"]
[Date "1899-12-30"]
[Round "5.2"]
[White "Bartodziej, Bartosz"]
[Black "Ugorek, Kacper"]
[Result "0-1"]
[WhiteTitle "I+"]
[BlackTitle "I"]
[WhiteElo "1836"]
[BlackElo "1846"]

1. e4 c5 2. Nf3 e6 3. d4 cxd4 4. Nxd4 Nc6 5. Nc3 Qc7 6. Be2 a6 7. O-O Nf6 8. Be3
Be7 9. f4 d6 10. Kh1 O-O 11. Qe1 Nxd4 12. Bxd4 b5 13. a3 Bb7 14. Qg3 Rad8 15.
Rae1 Bc6 16. Bd3 Qd7 17. e5 dxe5 18. Bxe5 Nh5 19. Qh3 g6 20. f5 exf5 21. Bxf5
Qb7 22. Be4 Bxe4 23. Nxe4 f5 24. Nf2 Nf6 25. Rd1 Qc6 26. c3 Bc5 27. Nd3 Ng4 28.
Bf4 Qe4 29. Qf3 Be3 30. h3 Rxd3 31. hxg4 Qxf3 32. gxf3 Rxd1 33. Rxd1 Bxf4 34.
gxf5 Rxf5 35. Kg2 Rh5 36. b3 Rh2+ 37. Kg1 Rc2 38. Rd3 Ra2 39. a4 bxa4 40. bxa4
Rxa4 41. Rd8+ Kg7 42. Ra8 h5 43. c4 Rxc4 44. Rxa6 Rc2 45. Ra4 Bg3 46. f4 h4 47.
f5 h3 48. f6+ Kxf6 49. Ra1 Bf4 50. Kh1 g5 51. Ra6+ Kf5 52. Ra5+ Kg4 53. Ra1 Rc1+
0-1

[Event "Druzynowe Mistrzostwa Polski Juniorow - I Liga 2023"]
[Site "Lublin"]
[Date "1899-12-30"]
[Round "5.3"]
[White "Dobosiewicz, Dawid"]
[Black "Nawalaniec, Adam"]
[Result "1-0"]
[WhiteTitle "I+"]
[BlackTitle "I++"]
[WhiteElo "1808"]
[BlackElo "1926"]

1. Nf3 Nf6 2. g3 d5 3. Bg2 c5 4. c4 e6 5. O-O Be7 6. b3 O-O 7. e3 Nc6 8. Bb2 dxc4
9. bxc4 Qd3 10. Qc1 Rd8 11. Ne1 Qd7 12. a3 b6 13. d3 Bb7 14. Nd2 Ng4 15. Ndf3
Bf6 16. Bxf6 Nxf6 17. Qc3 Rac8 18. Rd1 Qc7 19. Nc2 e5 20. e4 Nd4 21. Ncxd4 cxd4
22. Qd2 Qe7 23. Nh4 Rc5 24. Nf5 Qf8 25. Qg5 Kh8 26. f4 exf4 27. Qxf4 Ng8 28. e5
Bxg2 29. Kxg2 Ne7 30. Nd6 f6 31. exf6 Ng6 32. fxg7+ Qxg7 33. Qf6 Qxf6 34. Rxf6
Kg7 35. Rdf1 Re5 36. Rf7+ Kg8 37. Ne4 Rxe4 38. dxe4 Ne5 39. Re7 Nxc4 40. Rff7
Rd6 41. Rg7+ Kh8 42. Rxh7+ Kg8 43. Reg7+ Kf8 44. Rxa7 Kg8 45. Rhd7 1-0

[Event "Druzynowe Mistrzostwa Polski Juniorow - I Liga 2023"]
[Site "Lublin"]
[Date "1899-12-30"]
[Round "5.4"]
[White "Klim, Juliusz"]
[Black "Goralski, Mateusz"]
[Result "1-0"]
[WhiteTitle "I+"]
[BlackTitle "II"]
[WhiteElo "1708"]
[BlackElo "1353"]

1. e4 c5 2. Nf3 e6 3. d4 cxd4 4. Nxd4 Nc6 5. Nc3 Qc7 6. g3 a6 7. Bg2 Nf6 8. O-O
Nxd4 9. Qxd4 Bc5 10. Bf4 d6 11. Qd3 O-O 12. Rad1 Ne8 13. a3 e5 14. Nd5 Qd8 15.
Bc1 Be6 16. b4 Ba7 17. Bb2 Rc8 18. c4 Nf6 19. c5 Nxd5 20. exd5 Bg4 21. Rd2 Re8
22. c6 b5 23. h3 Bh5 24. Be4 Bg6 25. Kg2 Qe7 26. Qc2 Rf8 27. Bf5 Qg5 28. Bxg6
hxg6 29. Re2 Rc7 30. Bxe5 dxe5 31. d6 Rcc8 32. c7 Bb8 33. Qc5 Qf5 34. Rxe5 Qd7
35. Re7 Qf5 36. Qxf5 gxf5 37. Rd1 Bxc7 38. dxc7 Kh7 39. Red7 Rg8 40. Rxf7 Kg6
41. Rfd7 Kh7 42. R1d5 Kh6 43. Rd8 Rxc7 44. Rxg8 Rc3 45. Rxf5 1-0

[Event "Druzynowe Mistrzostwa Polski Juniorow - I Liga 2023"]
[Site "Lublin"]
[Date "1899-12-30"]
[Round "5.5"]
[White "Barwinska, Ewa"]
[Black "Sprzeczka, Emilia"]
[Result "1-0"]
[WhiteTitle "WCM"]
[BlackTitle "I++"]
[WhiteElo "1953"]
[BlackElo "1769"]

1. d4 Nf6 2. Nc3 d5 3. Bf4 g6 4. Qd2 Bg7 5. Bh6 O-O 6. Bxg7 Kxg7 7. O-O-O c6 8.
f3 b5 9. e4 b4 10. e5 bxc3 11. exf6+ exf6 12. Qxc3 Qd6 13. g4 Nd7 14. h4 Rd8 15.
h5 Nf8 16. hxg6 fxg6 17. Nh3 Rb8 18. Nf2 Qb4 19. Qxb4 Rxb4 20. c3 Rb7 21. Re1
Kf7 22. Nd3 Re7 23. Rxe7+ Kxe7 24. Nc5 Re8 25. Kd2 Kd6 26. Bd3 Re7 27. b4 Ne6
28. a4 Ng5 29. Rf1 Rf7 30. f4 Ne6 31. f5 gxf5 32. Nxe6 Bxe6 33. gxf5 Bd7 34. Rh1
Rg7 35. Rh6 Rf7 36. c4 Kc7 37. Kc3 Kd6 38. c5+ Kc7 39. b5 Kb7 40. Kb4 Be8 41.
Be2 Re7 42. Bf3 Bd7 43. Rxf6 Re1 44. Bxd5 cxd5 45. c6+ Bxc6 46. bxc6+ Kb6 47.
a5+ 1-0

[Event "Druzynowe Mistrzostwa Polski Juniorow - I Liga 2023"]
[Site "Lublin"]
[Date "1899-12-30"]
[Round "5.6"]
[White "Izafatava, Kira"]
[Black "Skorupa, Antonina"]
[Result "1-0"]
[WhiteTitle "I"]
[BlackTitle "I"]
[WhiteElo "1423"]
[BlackElo "1203"]

1. e4 c6 2. d4 d5 3. Nd2 dxe4 4. Nxe4 Nd7 5. Nf3 Ngf6 6. Nxf6+ Nxf6 7. c3 Bg4 8.
h3 Bh5 9. Be2 e6 10. Bf4 a6 11. O-O c5 12. Qb3 b5 13. a4 Nd5 14. Bh2 c4 15. Qc2
Bg6 16. Qd2 Rc8 17. Ne5 Bf5 18. axb5 axb5 19. Ra7 Be7 20. Rb7 Nb6 21. Bf3 Nd5
22. Ra1 Ra8 23. Raa7 Rxa7 24. Rxa7 O-O 25. Nc6 Bg5 26. Nxd8 Bxd2 27. Nc6 Bc1 28.
Bxd5 Bxh3 29. gxh3 exd5 30. Ne7+ Kh8 31. Nxd5 Re8 32. Kg2 h6 33. Rxf7 Bxb2 34.
Be5 b4 35. cxb4 c3 36. Rc7 Rd8 37. Bxg7+ Kh7 38. Bf6+ Kg6 39. Bxd8 Kf5 40. Nxc3
Ke6 41. b5 h5 42. b6 Bxc3 43. Rxc3 h4 44. b7 Kd5 45. b8=Q Ke6 46. Qe5+ Kf7 47.
Rc7+ Kf8 48. Qh8# 1-0

[Event "Druzynowe Mistrzostwa Polski Juniorow - I Liga 2023"]
[Site "Lublin"]
[Date "1899-12-30"]
[Round "5.7"]
[White "Wnek, Filip"]
[Black "Wieczorek, Mikolaj"]
[Result "1-0"]
[WhiteTitle "I++"]
[BlackTitle "I++"]
[WhiteElo "2057"]
[BlackElo "1962"]

1. e4 c5 2. Nf3 Nc6 3. d4 cxd4 4. Nxd4 Nf6 5. Nc3 d6 6. h4 e5 7. Nb3 Be7 8. Bg5
Be6 9. Qd2 a5 10. Bb5 O-O 11. O-O-O Qc8 12. f3 Rd8 13. Bxf6 Bxf6 14. g4 Nb4 15.
g5 Be7 16. Kb1 d5 17. exd5 Nxd5 18. Nxd5 Bxd5 19. Qe3 a4 20. Nc1 Qc7 21. Rhe1
Bb4 22. c3 Bc5 23. Qe2 a3 24. b3 Bf8 25. Qxe5 Qxe5 26. Rxe5 Be4+ 27. Bd3 Bxf3
28. Rf1 Bh5 29. Kc2 Rac8 30. Ne2 Bb4 31. Bc4 Bg6+ 32. Kc1 Bd6 33. Rb5 Rc7 34.
Rd5 Re7 35. Nd4 Be4 36. Ra5 g6 37. h5 Bc7 38. Rb5 Bg3 39. hxg6 hxg6 40. Ne2 Be5
41. Rxf7 Rxf7 42. Rxe5 Bd3 43. Bxf7+ Kxf7 44. Nf4 Bf5 45. Ra5 Rh8 46. Rxa3 Rh4
47. Nd5 Ke6 48. Ra5 Rh2 49. c4 Kd6 50. a4 Bd7 51. Nf4 Bf5 52. Rb5 Be4 53. Nxg6
Bc6 54. Re5 Rg2 55. c5+ Kc7 56. Nf4 Rg4 57. Ne6+ Kc8 58. Kb2 Be8 59. Rd5 Bd7 60.
Rd6 Bxe6 61. Rxe6 Rxg5 62. b4 Rg3 63. a5 Kc7 64. a6 bxa6 65. Rxa6 Rh3 66. Ra3
Rh4 67. Kb3 Kc6 68. Ra6+ Kc7 69. Rg6 Rf4 70. Ka4 Rf7 71. Ka5 Kb7 72. b5 Ka7 73.
c6 Rf5 74. Rg7+ Kb8 75. Kb6 Rf8 76. Rb7+ Ka8 77. Ra7+ Kb8 78. c7+ 1-0

[Event "Druzynowe Mistrzostwa Polski Juniorow - I Liga 2023"]
[Site "Lublin"]
[Date "1899-12-30"]
[Round "5.8"]
[White "Nagly, Wojciech"]
[Black "Rainer, Piotr"]
[Result "0-1"]
[WhiteTitle "I"]
[BlackTitle "I"]
[WhiteElo "1817"]
[BlackElo "1727"]

1. d4 d5 2. Nf3 Nf6 3. e3 e6 4. c4 c6 5. Nbd2 Nbd7 6. Bd3 dxc4 7. Nxc4 b5 8. Nce5
Bb7 9. O-O a6 10. b3 Be7 11. Bb2 O-O 12. Qc2 Rc8 13. Rfd1 h6 14. Rac1 Qb6 15.
Qb1 Rfd8 16. Nxd7 Nxd7 17. a4 c5 18. Ne1 Bd5 19. Ba1 Rc7 20. Qb2 Bf6 21. Qa3 e5
22. e4 Be6 23. d5 Bg4 24. Nf3 Bxf3 25. gxf3 Bg5 26. Rc2 Qg6 27. Kf1 Bf4 28. axb5
Bxh2 29. Qxa6 Qg1+ 30. Ke2 Qg2 31. Bc3 Bg3 32. Rf1 h5 33. Qd6 Ra7 34. Bd2 Rda8
35. b6 Ra1 36. Rcc1 Rxc1 37. Rxc1 Qxf2+ 38. Kd1 Ra2 39. Rc2 Qxf3+ 40. Be2 Qh1+
0-1

[Event "Druzynowe Mistrzostwa Polski Juniorow - I Liga 2023"]
[Site "Lublin"]
[Date "1899-12-30"]
[Round "5.9"]
[White "Micula, Jakub"]
[Black "Gibala, Adam"]
[Result "1-0"]
[WhiteTitle "I"]
[BlackTitle "I"]
[WhiteElo "1666"]
[BlackElo "1763"]

1. d4 Nf6 2. c4 e6 3. g3 Bb4+ 4. Bd2 a5 5. Bg2 O-O 6. Nf3 d6 7. O-O Bxd2 8. Qxd2
Nbd7 9. Nc3 e5 10. Rfd1 exd4 11. Nxd4 Nc5 12. b3 Re8 13. Qc2 Qe7 14. a3 Qe5 15.
Ncb5 Na6 16. e3 Rb8 17. Nc3 Bg4 18. Re1 Nc5 19. h3 Bd7 20. f4 Qh5 21. g4 Qh4 22.
Nf3 Qh6 23. g5 Qh5 24. gxf6 gxf6 25. Nd5 Qh6 26. Nxc7 Rf8 27. b4 Na4 28. Nb5 Nb6
29. Nxd6 Kh8 30. Kh2 Rbd8 31. Nxb7 Rde8 32. Nd6 Re6 33. Qd3 Qg7 34. Nf5 Qg6 35.
N3h4 Qg8 36. c5 Bb5 37. Qxb5 1-0

[Event "Druzynowe Mistrzostwa Polski Juniorow - I Liga 2023"]
[Site "Lublin"]
[Date "1899-12-30"]
[Round "5.10"]
[White "Dobrowolski, Kamil"]
[Black "Kozak, Karol"]
[Result "1/2-1/2"]
[WhiteTitle "II"]
[BlackTitle "I"]
[WhiteElo "1539"]
[BlackElo "1492"]

1. e4 c5 2. Nf3 d6 3. d4 cxd4 4. Nxd4 Nf6 5. Nc3 a6 6. Be3 e5 7. Nf3 Be7 8. Bc4
h6 9. h3 O-O 10. O-O Qc7 11. Bb3 Nbd7 12. Re1 b5 13. Nh4 Nc5 14. Bxc5 dxc5 15.
Nd5 Nxd5 16. Bxd5 Bb7 17. Bxb7 Qxb7 18. Nf5 Kh7 19. Qf3 Rad8 20. Rad1 Bf6 21.
Ne3 Qc8 22. Nd5 Qe6 23. b3 Kh8 24. c4 bxc4 25. bxc4 Bg5 26. Rb1 Rb8 27. Qa3 Bd2
28. Red1 Bb4 29. Qa4 Qe8 30. Qxe8 Rfxe8 31. Nc7 Rec8 32. Nxa6 Ra8 33. Nxb4 cxb4
34. Rxb4 Rxa2 35. Rc1 Ra5 36. f3 f6 37. Kf2 Kg8 38. g3 Rac5 39. Ke3 Kf7 40. Kd3
Ke7 41. Rb7+ Kf8 42. Rc3 Kg8 43. Rb5 Kf7 44. Rxc5 Rxc5 45. Rb3 Rc7 46. Rc3 Rc5
47. Kc2 Ke6 48. Kb3 Rc7 49. c5 h5 50. f4 exf4 51. gxf4 g5 1/2-1/2

[Event "Druzynowe Mistrzostwa Polski Juniorow - I Liga 2023"]
[Site "Lublin"]
[Date "1899-12-30"]
[Round "5.11"]
[White "Gaczol, Julia"]
[Black "Kulczycka, Zofia"]
[Result "0-1"]
[WhiteTitle "I+"]
[BlackTitle "I+"]
[WhiteElo "1388"]
[BlackElo "1470"]

1. e4 c5 2. Nf3 d6 3. d4 cxd4 4. Nxd4 Nf6 5. f3 e5 6. Nb3 a5 7. a4 Qb6 8. Bb5+
Bd7 9. Nc3 Be7 10. Qe2 O-O 11. Be3 Qc7 12. g4 Be6 13. h4 Nc6 14. Rd1 Nb4 15. h5
d5 16. g5 Nxe4 17. fxe4 d4 18. Nxd4 exd4 19. Bxd4 Bxg5 20. Rg1 Qf4 21. Bf2 Bh4
22. Rd2 Rfd8 23. Bd3 Qh2 24. Kd1 Bxf2 25. Qxf2 Qxf2 26. Rxf2 Nxd3 27. cxd3 Rxd3+
28. Kc2 Rd4 29. Rg5 Rb4 30. Rfg2 g6 31. hxg6 hxg6 32. Kd3 Bb3 33. Rc5 Bxa4 34.
Rc7 Rd8+ 35. Ke3 Bc6 36. Rf2 Rd7 37. Rc8+ Kg7 38. Ra8 a4 39. Ra5 Re7 40. e5 b6
41. Ra6 Rxe5+ 0-1